Все боссы Dark Souls (без DLC) - Statistics

General Stats
  • This quiz has been taken 20 times
  • The average score is 10 of 18
Answer Stats
Локация Босс % Correct
Анор Лондо Орнштейн и Смоуг
94%
Владение Квилег Квилег Ведьма Хаоса
75%
Горнило Первого Пламени Гвин Повелитель Пепла
75%
Северное Прибежище Нежети Демон прибежища
69%
Склеп Великанов Нито Повелитель Могил
69%
Забытый Изалит Ложе Хаоса
63%
Город нежити, Руины демонов Демон-Телец
63%
Сад темных корней Лунная Бабочка
63%
Крепость Сена Железный голем
56%
Архивы Герцога, Кристальный Грот Нагой Сит
56%
Нижний город нежити Демон Капра
56%
Руины демонов Демон-стоног
50%
Анор Лондо Гвиндолин Темное Солнце
50%
Сад Темных Корней Сиф Великий Волк
44%
Глубины Разверстый Дракон
44%
Руины демонов Неутомимый воин
31%
Уезд Нежити, Анор Лондо Горгулья
19%
Руины демонов Мудрый демон Огня
19%
No matching quizzes found
Score Distribution
Percent of People with Each Score
Percentile by Number Answered
Your Score History
You have not taken this quiz